Piłkarze ligi arabskiej - nagła śmierć - Statystyki

Ogólne statystyki
  • Ten quiz został rozwiązany 214 razy
  • Średni wynik to 16 z 22
Answers on the Grid
Answers color-coded by a green-red scale on the quiz's grid according to % correct below.
Cristiano Ronaldo
Lionel Messi
Kylian Mbappé
Karim Benzema
Lamine Yamal
Theo Hernández
Mohamed Salah
João Félix
Alexis Sánchez
Arjen Robben
Riyad Mahrez
Olivier Giroud
Sadio Mané
Paul Pogba
Robin van Persie
N'Golo Kanté
Jakub Błaszczykowski
Darwin Núñez
Marcin Bulka
Kingsley Coman
Achraf Hakimi
Kalidou Koulibaly
David Silva
Bernardo Silva
Aymeric Laporte
João Cancelo
İlkay Gündoğan
Marcelo Brozović
Oscar
Roberto Firmino
Nico Williams
Hugo Lloris
Fabinho
Alexandre Lacazette
Marc Cucurella
Declan Rice
Sergej Milinković-Savić
Kamil Grabara
Chris Smalling
Dani Carvajal
Rúben Neves
Leroy Sané
Neymar
Aleksandar Mitrović
 
Statystyki odpowiedzi
Odpowiedź % Poprawnych
Cristiano Ronaldo
99%
Karim Benzema
96%
João Félix
85%
Sadio Mané
84%
Riyad Mahrez
82%
N'Golo Kanté
80%
Kalidou Koulibaly
79%
Theo Hernández
79%
João Cancelo
75%
Aymeric Laporte
74%
Marcin Bulka
74%
Kingsley Coman
72%
Marcelo Brozović
72%
Sergej Milinković-Savić
72%
Aleksandar Mitrović
70%
Darwin Núñez
70%
Fabinho
69%
Rúben Neves
69%
Roberto Firmino
67%
Neymar
55%
Chris Smalling
44%
Alexandre Lacazette
42%
Nie znaleziono quizów pasujących do podanych kryteriów
Rozkład punktacji
Procent ludzi z każdym wynikiem
Percentyl według liczby udzielonych odpowiedzi
Twoja historia wyników
Nie rozwiązałeś tego quizu